• 首页
  • 本馆介绍
  • 公告通知
  • 最新文献
  • 馆藏检索
  • 电子资源
  • 读者导购
  • 参考咨询
  • 我的图书馆
  • 登录
  • 详细信息显示
  • 放入我的书架
  • 预约/预借图书
  • 作者相关作品
  • 分类相关作品
  • 丛书相关作品
  • 出版社相关作品

书目信息

  • 表格格式
  • 工作单格式
  • 卡片格式
题名:
中国国民党大事记:1894.11-1986.12
    
 
作者: 李松林 编
分册:  
出版信息: 北京   解放军出版社  1988.8
页数: 609页
开本: 20cm
丛书名:
单 册:
中图分类: K2-62
科图分类:
主题词: 中国--历史--年表
电子资源:
ISBN:
000 00568nam0 2200193 45
001 0312221749
005 20050415111345.7
010    @dCNY4.95
100    @a20031222d1988 km y0chiy0120 ea
101    @achi
105    @a z 000yy
200 1  @a中国国民党大事记:1894.11-1986.12@AZhong Guo Guo Min Dang Da Shi Ji:1894.11-1986.12@f李松林等编@FLi Song Lin Deng Bian
210    @a北京@c解放军出版社@d1988.8
215    @a609页@d20cm
606 0  @a中国@x历史@x年表
690    @aK2-62@v3
701 0  @a李松林@4编
801    @aCN@bTSTCL@c20031222
905    @dK2-62@e52@b216050@f1
    
    中国国民党大事记:1894.11-1986.12/李松林等编.-北京:解放军出版社,1988.8
    609页;20cm
    
    
    ISBN :CNY4.95
    
●
相关链接 在E读中查询图书 在五车中查询图书 在当当中查询图书 在豆瓣中查询图书


正题名:中国国民党大事记:1894.11-1986.12     索取号:K2-62/52         预约/预借

序号 登录号 条形码 馆藏地/架位号 状态 备注
1 0216050   001996335   第二借阅区/ [索取号:K2-62/52] 在馆    
2 0216051   202112212   第二样本阅览室/ [索取号:K2-62/52] 在馆    
唐山师范学院图书馆 欢迎您!
大连网信软件有限公司© 版权所有